Sinonimi #1 - Statistics

Statistiche generali
  • Questo quiz è stato fatto 121 volte
  • Il punteggio medio è 14 su 20
Statistiche sulle risposte
Hint Risposta % Corretto
Adorabile Amabile
90%
Agghiacciante Raccapricciante
88%
Farfugliare Borbottare
87%
Desiderio Brama
85%
Signorile Elegante
85%
Pietanza Vivanda
83%
Destituire Defenestrare
81%
Concreto Pragmatico
81%
Accidia Ignavia
80%
Offuscare Obnubilare
74%
Categorico Perentorio
71%
Adiposo Obeso
66%
Nitido Terso
66%
Particella Corpuscolo
65%
Uncinato Adunco
64%
Vivace Brioso
61%
Didascalico Educativo
60%
Nebbioso Brumoso
56%
Lascivo Voluttuoso
46%
Malinconico Elegiaco
36%
Nessun quiz corrispondente trovato
Distribuzione punteggi
Percentuale di utenti per punteggio
Percentile per numero di risposta
I tuoi punteggi nel tempo
Non hai fatto questo quiz